000 00838 aa a2200217 4500
005 20120623121540.0
010 _a
020 _c199.00
_a8187188014
035 _aA-982866
037 _bpub
082 _a615.89
100 _aराठौर, उमेश
_949477
245 _aपर्यावरण एवं मृत-संजीवनी अमृतधारा /
_cउमेश राठौर
246 _a
_b
260 _aदिल्ली
_bजना प्रकाशन
_c1999
270 _a
_b
_e
300 _a179पृ
_c22 सेमी (सजिल्द)
490 _a
_949478
942 _adpl
_cHN
_k
_2ddc
_h615.89
_mराठौर
999 _c68135
_d68135